000 00656nam a2200241Ia 4500
003 OSt
005 20230330093700.0
008 210423s2010 xx 000 0 und d
020 _a9781847558732
040 _cAL
041 _aeng
082 _a660.29
_223
_bLANG
100 _aLANCASTER (Mike)
_979893
245 _aGreen chemistry: an introductory text
250 _a2
260 _aUK
_bRoyal Society of Chemistry
_c2010
300 _axv,328
_bHB
365 _b695
_cINR
650 _aApplied Physical Chemistry
_979894
650 _aChemical Engineering
_979895
906 _aan ; chemistry: ; Green ; introductory ; text.
942 _2ddc
_cBK
999 _c154524
_d154524